| 000 | 01382nam a2200349Ia 4500 | ||
|---|---|---|---|
| 001 | 13103 | ||
| 003 | IT-RoPAU | ||
| 008 | 130308s9999 xx 000 0 und d | ||
| 040 | _aIT-RoPAU | ||
| 040 | _cIT-RoPAU | ||
| 041 | _aITALIANO | ||
| 100 | _aNilsson Lennart | ||
| 100 | _gCodice Aut. SPICS: 3175 | ||
| 240 | _aSE MANNISKAN | ||
| 240 | _gCodice Tit. Orig. Spics: T2137 | ||
| 245 | _aQuesto è l'uomo-Viaggio fotografico dentro il corpo umano | ||
| 245 | _bQuesto è L'Uomo-Viaggio fotografico Dentro Il Corpo Umano | ||
| 250 | _a1a ed. | ||
| 260 | _aMILANO | ||
| 260 | _bEp/Gruppo Periodici | ||
| 260 | _c1974 [1° Ed.:1974 - Ed.Ling.Originale:1973] | ||
| 300 | _a"256 p. (prefazione: no ; testo: 256)" | ||
| 500 | _aCellula del Corpo Umano Organizzazione cellulare tessuti e Organi Riproduzione Sangue tessuto Liquido dell'Organismo Vasi Linfatici Sistema di Drenaggio dell'Organismo Respirazione Temperatura Corporea Reni pelle Muscoli Scheletro vivente Denti Digestione Sistema nervoso Organi di Senso Vista Uditomantenersi in Equilibrio Sensibilità e dolore Odorato gusto Testi di David H. Ingvar Stig Nordfeldt e Rune Pettersson | ||
| 650 | _aAUTORI/OPERE DI FOTOGRAFIA | ||
| 650 | _eCodice materia Spics: 6757 | ||
| 700 | _aLindberg Jan | ||
| 700 | _gCodice Aut. SPICS: 4610 | ||
| 942 | _cBK | ||
| 957 | _71 | ||
| 999 |
_c70631 _d70631 |
||
| 999 | _bSI | ||
| 999 | _g1 | ||